Commercial audit manual, 2007 (Record no. 481564)

000 -LEADER
fixed length control field 00458cam a22001217a 4500
008 - FIXED-LENGTH DATA ELEMENTS--GENERAL INFORMATION
fixed length control field 180718b2007 xxu||||| |||| 00| 0 eng d
082 ## - DEWEY DECIMAL CLASSIFICATION NUMBER
Classification number L6037x5452 C
245 ## - TITLE STATEMENT
Title Commercial audit manual, 2007
Statement of responsibility, etc. by Office of the Accountant General (C&RA), Tamil Nadu
260 ## - PUBLICATION, DISTRIBUTION, ETC.
Place of publication, distribution, etc. Chennai
Name of publisher, distributor, etc. Office of the Accountant General (C&RA), Tamil Nadu
Date of publication, distribution, etc. 2007
300 ## - PHYSICAL DESCRIPTION
Extent v.p.
650 ## - SUBJECT ADDED ENTRY--TOPICAL TERM
Topical term or geographic name entry element Auditing - India - Tamil Nadu
700 ## - ADDED ENTRY--PERSONAL NAME
Personal name Tamil Nadu. Office of the Accountant General (C&RA)
Holdings
Withdrawn status Lost status Damaged status Not for loan Permanent Location Current Location Date acquired Full call number Barcode Date last seen Price effective from Koha item type
        Indian Institute of Public Administration Indian Institute of Public Administration 2018-08-04 L6037x5452 C GG29397 2018-08-04 2018-08-04 GG

Powered by Koha